书目信息 |
| 题名: |
银行客户管理
|
|
| 作者: | 范云峰 , 王建国 著 | |
| 分册: | ||
| 出版信息: | 北京 中华工商联合出版社 2012 |
|
| 页数: | 249页 | |
| 开本: | 24cm | |
| 丛书名: | 工商智库丛书 | |
| 单 册: | ||
| 中图分类: | F830.4 | |
| 科图分类: | ||
| 主题词: | 银行业务 | |
| 电子资源: | ||
| ISBN: | 978-7-5158-0317-3 | |
| 000 | 01028nam0 22002771 450 | |
| 001 | 519 | |
| 005 | 20140909102242.96 | |
| 010 | @a978-7-5158-0317-3@dCNY39.80 | |
| 100 | @a20121029d2012 em y0chiy50 ea | |
| 101 | 0 | @achi |
| 102 | @aCN@b110000 | |
| 105 | @ay z 000yy | |
| 106 | @ar | |
| 200 | 1 | @a银行客户管理@AYin Hang Ke Hu Guan Li@f范云峰,王建国著@FFan Yun Feng, Wang Jian Guo Zhu |
| 210 | @a北京@c中华工商联合出版社@d2012 | |
| 215 | @a249页@d24cm | |
| 225 | 2 | @a工商智库丛书 |
| 300 | @a东方智库 银行营销实战 004 | |
| 330 | @a本书主要是围绕银行客户管理的整个过程来展开,首先从银行客户的总体概念出发来展示银行客户管理的发展、银行客户管理的基础和内容;然后进入银行客户管理的前期准备:包括客户关系识别、客户差异分析等,为之后客户管理打下坚实基础。 | |
| 461 | 0 | @12001 @a工商智库丛书 |
| 606 | 0 | @a银行业务 |
| 690 | @aF830.4@v5 | |
| 701 | 0 | @a范云峰@AFan Yun Feng@f(1964.2~)@4著 |
| 701 | 0 | @a王建国@AWang Jian Guo@g(汽车企业管理)@4著 |
| 801 | 0 | @aCN@bTANGWEI@c20140603 |
| 905 | @b0837576-78@dF830.4@e245@f3 | |
| 银行客户管理/范云峰,王建国著.-北京:中华工商联合出版社,2012 |
| 249页;24cm.-(工商智库丛书) |
| 东方智库 银行营销实战 004 |
| ISBN 978-7-5158-0317-3:CNY39.80 |
| 本书主要是围绕银行客户管理的整个过程来展开,首先从银行客户的总体概念出发来展示银行客户管理的发展、银行客户管理的基础和内容;然后进入银行客户管理的前期准备:包括客户关系识别、客户差异分析等,为之后客户管理打下坚实基础。 |
| ● |
| 相关链接 |
|
|
|
|
正题名:银行客户管理
索取号:F830.4/245
 
预约/预借
| 序号 | 登录号 | 条形码 | 馆藏地/架位号 | 状态 | 备注 |
| 1 | 0837576 | 208375765 | 第一样本阅览室/ [索取号:F830.4/245] | 在馆 | |
| 2 | 0837577 | 208375774 | 密集书库-海洋学院/ [索取号:F830.4/245] | 在馆 | |
| 3 | 0837578 | 208375783 | 第一借阅区/ [索取号:F830.4/245] | 在馆 |